Vrais - Ninho - Statistiques

Statistiques générales
  • Ce quiz a été pris 153 fois
  • Le résultat moyen est 205 sur 448
Statistiques - réponses
Réponse % Correct
de
95%
à
93%
À
93%
le
93%
Le
93%
on
90%
On
90%
qui
88%
ma
86%
ça
85%
va
85%
Moi
82%
touché
82%
les
81%
part
81%
en
79%
Sac
78%
et
77%
Et
77%
quand
77%
Quand
77%
Un
77%
un
77%
dégénère
75%
pompe
74%
cavale
71%
fusil
71%
la
71%
La
71%
sait
71%
est
70%
noir
68%
nous
68%
tu
68%
stylo
67%
donc
66%
t'es
66%
une
66%
feuille
64%
Je
64%
mais
64%
que
64%
si
64%
compte
63%
boîte
62%
plus
62%
Wesh
62%
débite
59%
devant
59%
propose
59%
fais
58%
mille
58%
Nouveau
58%
nouveau
58%
elle
56%
igo
56%
il
56%
Il
56%
moins
55%
pour
55%
quinze
55%
vénère
55%
qu'avant
53%
t'as
53%
marketing
52%
vrai
51%
wallou
51%
l'patron
49%
pas
48%
vida
48%
mystérieux
47%
produit
47%
m'aimera
45%
ce
44%
intrigue
44%
l'che-ri
44%
touche-car
44%
seront
42%
tout
41%
vides
41%
faux
40%
toda
40%
banque
38%
toi
38%
étaient
37%
ils
37%
comptes
36%
crois
34%
Est-ce
34%
j'étais
34%
remonter
34%
j'ai
33%
au
32%
haut
32%
là-bas
32%
moula
30%
obligé
29%
ponts
29%
du
27%
Partir
27%
revenir
27%
verres
27%
après
26%
j'fais
26%
pourquoi
26%
avoir
25%
bord
25%
dans
23%
d'couper
23%
été
23%
fond
23%
j'vais
23%
mains
23%
Hey
22%
hey
22%
juste
22%
liquide
22%
pleines
22%
deux
19%
Ferrari
18%
paraît
18%
qu'ils
18%
villa
18%
aura
16%
clique
16%
des
16%
ge-pla
16%
mon
16%
n'y
16%
places
16%
rire
16%
venir
16%
C'est
15%
c'est
15%
Khapta
15%
morte
15%
pé-ta
15%
vont
15%
château
12%
comme
12%
frappe
12%
l'sais
12%
pote
12%
sous
12%
quartier
11%
arrive
10%
fournissons
10%
bien
8%
Cartel
8%
commission
8%
eu
8%
pétard
8%
Cali
7%
gros
7%
jamais
7%
J'récupère
7%
solo
7%
brasse
5%
bulle
5%
coffre
5%
font
5%
garni
5%
partie
5%
potion
5%
resté
5%
trop
5%
voulu
5%
batârds
4%
but
4%
chemise
4%
d'Italie
4%
Gallas
4%
j'suis
4%
nuit
4%
photo
4%
vient
4%
d'la
3%
dur
3%
d'visions
3%
face
3%
l'jardin
3%
l'on
3%
loucedé
3%
m'adule
3%
n'ai
3%
Personne
3%
Rafale
3%
rajoute
3%
raque-ba
3%
savoir
3%
seul
3%
balle
1%
donner
1%
cas-là
0%
l'biberon
0%
pt'être
0%
semi-auto
0%
voulait
0%
Aucun quiz correspondant
Distribution des résultats
% des personnes avec chaque résultat
Percentile par nombre de réponses
Votre historique - résultats
Vous n’avez pas pris ce quiz